000
00449nam a2200145Ia 4500
008
100204s9999 xx 000 0 und d
082
_b
14664
100
_a
परांजपे हृषिकेश
245
_a
रेशीमगाठी
260
_b
"अर्चना प्रकासन, पुणे"
_c
1991
300
_a
176
630
_a
रेशीमगाठी
730
_a
रेशीमगाठी
942
_c
BOOK
999
_c
459095
_d
459092